Entrenamiento del ciclista : potente, rápido y en forma con sólo 6 horas a la semana /

Bibliographic Details
Main Authors: Carmichael, Chris, 1960- (Author), Rutberg, Jim (Author)
Other Authors: Rius, Jordi (Translator)
Format: Electronic eBook
Language:Spanish
English
Published: [Barcelona] : Paidotribo, [2018]
Edition:Primera edición.
Subjects:
Online Access:Digitalia Hispánica

MARC

LEADER 00000nam a2200000Ii 4500
001 DIGEDPBR0389
003 NyNyDIG
006 m o d
007 cr |||||||||||
008 260105s2018 sp a ob 001 0 spa d
035 |a (OCoLC)1570096556 
040 |a DGITA  |b eng  |e rda  |e pn  |c DGITA 
020 |a 9788499109879  |q ePub 
020 |z 9788499104584 
041 1 |a spa  |h eng 
050 1 4 |a GV1048 ebook 
100 1 |a Carmichael, Chris,  |d 1960-  |e author. 
240 1 0 |a Time-crunched cyclist.  |l Spanish  |s (Rius) 
245 1 0 |a Entrenamiento del ciclista :  |b potente, rápido y en forma con sólo 6 horas a la semana /  |c Chris Carmichael y Jim Rutberg ; traducción, Jordi Rius. 
250 |a Primera edición. 
264 1 |a [Barcelona] :  |b Paidotribo,  |c [2018] 
300 |a 1 online resource :  |b illustrations. 
336 |a text  |b txt  |2 rdacontent 
337 |a computer  |b c  |2 rdamedia 
338 |a online resource  |b cr  |2 rdacarrier 
347 |a text file  |2 rdaft 
347 |b EPUB 
504 |a Includes bibliographical references and index. 
588 0 |a Online resource; title from ePub title page (Digitalia, viewed January 5, 2026) 
650 0 |a Cycling  |x Training. 
650 0 |a Cyclists  |x Time management. 
650 0 |a Endurance sports  |x Training. 
700 1 |a Rutberg, Jim,  |e author. 
700 1 |a Rius, Jordi,  |e translator. 
700 1 |i Translation of:  |a Carmichael, Chris,  |d 1960-  |t Time-crunched cyclist. 
791 2 |a Digitalia (Firm),  |e distributor. 
793 0 |g Digitalia eBook Collection:  |a Editorial Paidotribo 
776 0 8 |i Print version:  |a Carmichael, Chris, 1960-  |s Time-crunched cyclist. Spanish (Rius).  |t Entrenamiento del ciclista.  |b 1a edición, 1a reimpresión.  |d [Barcelona] : Paidotribo, [2018]  |z 9788499104584 
856 4 0 |3 Digitalia Hispánica  |u https://www.digitaliapublishing.com/a/160038/ 
910 |a Premium collection: 2026